000
00286nam a22001217a 4500
008
170627b xxu||||| |||| 00| 0 eng d
041
_a
eng
080
_a
511
100
_a
21
101
_a
SHP
245
_a
DIAGNOSTIC TEACHING OF THE LANGUAGE ARTS
_c
BURNS.P.C
942
_2
udc
_c
BK
999
_c
19172
_d
19172